Strategies and Business Models of Startups

Guardado en:
Detalles Bibliográficos
Autor principal: Bednár, Richard, 1985-
Otros Autores: Procházková, Katarína, 1983-, Zagoršek, Branislav, 1984-, Varmus, Michal, Chomová, Katarína, 1983-
Formato: Libro
Lenguaje:inglés
Publicado: Brno Tribun EU [2018]
Edición:1st Edition
Materias:
Etiquetas: Agregar Etiqueta
Sin Etiquetas, Sea el primero en etiquetar este registro!

MARC

LEADER 00000nam a2200000 4500
001 0249748
005 20240502083711.8
020 |a 978-80-263-1508-7 
041 0 |a eng 
044 |a CZ 
245 1 0 |a Strategies and Business Models of Startups  |c Richard Bednár, Katarína Procházková, Branislav Zagoršek ; Reviewers: Michal Varmus, Katarína Chomová 
250 |a 1st Edition 
264 1 |a Brno  |b Tribun EU  |c [2018] 
300 |a 122 s. [9,3 AH] 
610 2 0 |a start-up 
610 2 0 |a modely podniku 
610 2 0 |a príjmy 
610 2 0 |a stratégia podniková 
610 2 0 |a stratégia podnikateľská 
610 2 0 |a financovanie 
610 2 0 |a prostredie podnikateľské 
610 2 0 |a výskum 
100 1 |a Bednár, Richard, 1985- 
700 1 |a Procházková, Katarína, 1983- 
700 1 |a Zagoršek, Branislav, 1984- 
700 1 |a Varmus, Michal 
700 1 |a Chomová, Katarína, 1983-